[Event "FIDE Women's Grand Swiss"]
[Site "Samarkand UZB"]
[Date "2025.09.09"]
[Round "6.2"]
[White "Fataliyeva, Ulviyya"]
[Black "Vaishali, Rameshbabu"]
[Result "0-1"]
[WhiteTitle "IM"]
[BlackTitle "GM"]
[WhiteElo "2385"]
[BlackElo "2452"]
[WhiteFideId "13403052"]
[BlackFideId "5091756"]
[EventDate "2025.09.04"]

1. e4 e5 2. Nc3 Nf6 3. Bc4 Nc6 4. d3 Bb4 5. a3 Bxc3+ 6. bxc3 d5 7. exd5 Nxd5 8.
Ne2 Bg4 9. f3 Be6 10. Bxd5 Qxd5 11. c4 Qc5 12. Bd2 O-O-O 13. Qb1 Nd4 14. Bb4 Qb6
15. c5 Qc6 16. Nxd4 exd4 17. O-O Rd5 18. Qe1 h5 19. c4 dxc3 20. Qxc3 f6 21. Rae1
h4 22. Re3 h3 23. g3 Rhd8 24. Rd1 a5 25. Bxa5 Rxc5 26. Qe1 Bg4 27. Qe2 Rxa5 28.
fxg4 Rxa3 29. g5 fxg5 30. Qg4+ Kb8 31. Qxh3 Qb6 32. Qe6 Qxe6 33. Rxe6 Raxd3 34.
Rxd3 Rxd3 35. Re5 g4 36. Re4 Rd7 37. Rxg4 b5 38. Rb4 c6 39. h4 Kb7 40. g4 Kb6
41. g5 c5 0-1

[Event "FIDE Women's Grand Swiss"]
[Site "Samarkand UZB"]
[Date "2025.09.09"]
[Round "6.3"]
[White "Tan, Zhongyi"]
[Black "Stefanova, Antoaneta"]
[Result "0-1"]
[WhiteTitle "GM"]
[BlackTitle "GM"]
[WhiteElo "2531"]
[BlackElo "2395"]
[WhiteFideId "8603642"]
[BlackFideId "2902257"]
[EventDate "2025.09.04"]

1. e4 c6 2. d4 d5 3. e5 c5 4. Nf3 cxd4 5. Nxd4 Nc6 6. Nxc6 bxc6 7. Bd3 e6 8. O-O
a5 9. c4 Ne7 10. cxd5 cxd5 11. Nc3 Ng6 12. Qe2 Be7 13. g3 O-O 14. h4 f6 15. exf6
Bxf6 16. Qh5 Ba6 17. Bxa6 Rxa6 18. Qe2 Rc6 19. Rd1 Bxc3 20. bxc3 Qf6 21. Bg5 Qf5
22. Re1 h6 23. Bc1 Rf7 24. a4 Rc4 25. h5 Nh4 26. f4 Rxc3 27. gxh4 Rg3+ 28. Kh1
Qh3+ 29. Qh2 Qg4 30. Ra3 Rxa3 31. Bxa3 Qf3+ 32. Qg2 Qxa3 33. Rxe6 Qc1+ 34. Kh2
Qxf4+ 35. Kh3 Qf3+ 36. Qxf3 Rxf3+ 37. Kg2 Rf4 38. Rd6 Rxh4 39. Rxd5 Rxa4 40. Rf5
Rg4+ 0-1

[Event "FIDE Women's Grand Swiss"]
[Site "Samarkand UZB"]
[Date "2025.09.09"]
[Round "6.4"]
[White "Khamdamova, Afruza"]
[Black "Assaubayeva, Bibisara"]
[Result "1/2-1/2"]
[WhiteTitle "WIM"]
[BlackTitle "GM"]
[WhiteElo "2409"]
[BlackElo "2505"]
[WhiteFideId "14210444"]
[BlackFideId "13708694"]
[EventDate "2025.09.04"]

1. e4 e5 2. Nf3 Nc6 3. Bb5 a6 4. Ba4 d6 5. c4 Nf6 6. Nc3 Bg4 7. h3 Bxf3 8. Qxf3
Nd7 9. Ne2 Be7 10. O-O O-O 11. Bxc6 bxc6 12. d4 c5 13. d5 Bg5 14. Be3 g6 15.
Bxg5 Qxg5 16. Qg4 Qe7 17. Ng3 Kh8 18. f4 exf4 19. Qxf4 Qe5 20. b3 Qxf4 21. Rxf4
Rae8 22. Raf1 Kg7 23. Kf2 Ne5 24. Ke3 Re7 25. Ne2 h5 26. Nc3 Rfe8 27. Kd2 Rh8
28. g3 Ree8 29. R4f2 Re7 30. Rf4 Nd7 31. Kc2 Rhe8 32. Kd2 Nf8 33. Kc2 Nh7 34. h4
Nf8 35. Kd2 Nd7 36. R1f2 Ne5 37. Rf1 Ng4 38. R1f3 Nh6 39. Rf2 Re5 40. Kd3 R8e7
41. Kd2 Ng4 42. R2f3 f6 43. Rf1 f5 44. Kd3 Nf6 45. exf5 Re3+ 46. Kd2 Rxg3 47.
fxg6 Rxg6 48. R1f2 Ng4 49. Re2 Ne5 1/2-1/2

[Event "FIDE Women's Grand Swiss"]
[Site "Samarkand UZB"]
[Date "2025.09.09"]
[Round "6.5"]
[White "Girya, Olga"]
[Black "Song, Yuxin"]
[Result "1/2-1/2"]
[WhiteTitle "GM"]
[BlackTitle "IM"]
[WhiteElo "2386"]
[BlackElo "2409"]
[WhiteFideId "4195752"]
[BlackFideId "8614300"]
[EventDate "2025.09.04"]

1. d4 Nf6 2. c4 e6 3. Nc3 Bb4 4. Qc2 c5 5. dxc5 Qa5 6. Bd2 Qxc5 7. e3 d5 8. a3
Bxc3 9. Bxc3 dxc4 10. Nf3 Nc6 11. Bxf6 gxf6 12. b4 Qe7 13. Bxc4 Bd7 14. O-O Rc8
15. Rac1 O-O 16. Qb2 Rfd8 17. Be2 Nb8 18. h3 b6 19. Rfd1 Rxc1 20. Rxc1 Rc8 21.
Rxc8+ Bxc8 22. Qc3 Bb7 23. Nd4 Qd8 24. Nb5 a6 25. Nd4 Qc8 26. Qxc8+ Bxc8 27. Bd3
f5 28. f4 Bb7 29. Kf2 Nd7 30. Nf3 Kg7 31. Ke2 Kf6 32. Ne1 Ke7 33. Kd2 Kd6 34.
Kc3 h6 35. Kd4 Nb8 36. Kc3 Nd7 37. Kd4 Nb8 38. Kc3 1/2-1/2

[Event "FIDE Women's Grand Swiss"]
[Site "Samarkand UZB"]
[Date "2025.09.09"]
[Round "6.6"]
[White "Balajayeva, Khanim"]
[Black "Guo, Qi"]
[Result "0-1"]
[WhiteTitle "IM"]
[BlackTitle "IM"]
[WhiteElo "2331"]
[BlackElo "2371"]
[WhiteFideId "13406396"]
[BlackFideId "8604002"]
[EventDate "2025.09.04"]

1. e4 c6 2. Nf3 d5 3. Nc3 dxe4 4. Nxe4 Nf6 5. Qe2 Nxe4 6. Qxe4 Qd5 7. Qxd5 cxd5
8. d4 Nc6 9. c3 Bf5 10. Bf4 f6 11. h4 h5 12. Kd2 g6 13. Bd3 Bh6 14. Bxh6 Rxh6
15. Rhe1 Kf7 16. b3 Bxd3 17. Kxd3 Rhh8 18. Re2 Rhd8 19. b4 Rac8 20. Rae1 Rd7 21.
a3 Rdc7 22. Kd2 b6 23. Re3 Nd8 24. a4 Nb7 25. Kc2 Nd6 26. Kb3 Ne4 27. Rc1 Nxf2
28. Nd2 Ng4 29. Rd3 Rc6 30. b5 Re6 31. c4 dxc4+ 32. Nxc4 Kg7 33. Rc2 Re4 34. g3
Rd8 35. a5 Rd5 36. axb6 axb6 37. Kb4 Ne5 38. Nxe5 fxe5 39. Rc8 Rexd4+ 40. Rxd4
exd4 41. Kc4 d3 0-1

[Event "FIDE Women's Grand Swiss"]
[Site "Samarkand UZB"]
[Date "2025.09.09"]
[Round "6.7"]
[White "Karimova, Guldona"]
[Black "Muzychuk, Mariya"]
[Result "0-1"]
[WhiteTitle "WIM"]
[BlackTitle "GM"]
[WhiteElo "2324"]
[BlackElo "2484"]
[WhiteFideId "14210410"]
[BlackFideId "14114550"]
[EventDate "2025.09.04"]

1. e4 c5 2. Nf3 Nc6 3. d4 cxd4 4. Nxd4 Nf6 5. Nc3 e5 6. Ndb5 d6 7. Nd5 Nxd5 8.
exd5 Nb8 9. a4 Be7 10. Be2 Nd7 11. Bd2 Nf6 12. c4 Ne4 13. Be3 Qa5+ 14. Nc3 Nxc3
15. Qd2 f5 16. Qxc3 Qxc3+ 17. bxc3 f4 18. Bc1 Bf5 19. a5 Kd7 20. f3 Bf6 21. Kd2
e4 22. fxe4 Bxe4 23. Bg4+ Kc7 24. Bf3 Rhe8 25. Bxe4 Rxe4 26. Kd3 Rae8 27. a6 b6
28. Bd2 Kd7 29. Rae1 R4e5 30. Rb1 Re3+ 31. Bxe3 Rxe3+ 32. Kd2 Bxc3+ 33. Kd1 Be5
34. Re1 Rd3+ 35. Ke2 Rc3 36. Rec1 Ra3 37. Rc2 Rxa6 38. Rb3 Ra1 39. h3 Kc7 40.
Rd3 Rg1 41. Kf3 a5 42. Ra3 Rb1 43. Kg4 Rb4 44. Kf5 Kd7 45. c5 g6+ 46. Kg5 dxc5
47. Kh6 c4 48. Kxh7 Rb3 49. Raa2 c3 50. Kxg6 Kd6 51. h4 Rb2 52. h5 b5 53. h6 b4
54. Re2 Rxa2 55. Rxa2 b3 0-1

[Event "FIDE Women's Grand Swiss"]
[Site "Samarkand UZB"]
[Date "2025.09.09"]
[Round "6.8"]
[White "Khalilova, Madinabonu"]
[Black "Tsolakidou, Stavroula"]
[Result "0-1"]
[WhiteTitle "WCM"]
[BlackTitle "IM"]
[WhiteElo "2148"]
[BlackElo "2445"]
[WhiteFideId "14223422"]
[BlackFideId "4264312"]
[EventDate "2025.09.04"]

1. Nf3 Nf6 2. c4 g6 3. g3 Bg7 4. Bg2 d6 5. d4 O-O 6. O-O Re8 7. Nc3 Bd7 8. e4 e5
9. d5 a5 10. b3 Na6 11. Rb1 Nc5 12. Ne1 h5 13. h4 Qe7 14. Nd3 b6 15. Nxc5 bxc5
16. Nb5 Rec8 17. a4 Qf8 18. Bd2 Bh6 19. Rb2 Ng4 20. Bxh6 Qxh6 21. Qd2 Qg7 22. f3
Nh6 23. Nc3 f5 24. Bh3 Rf8 25. Ne2 Kh7 26. exf5 gxf5 27. Kh2 Rg8 28. Rg1 Qf6 29.
Qc3 Rg6 30. Rg2 Qe7 31. Kg1 Rg7 32. Nc1 Rag8 33. Qe1 f4 34. Bxd7 Qxd7 35. Qe4+
Kh8 36. gxf4 Qh3 37. Rg5 Nf7 38. Rbg2 Nxg5 39. hxg5 Rf8 40. Nd3 Qf5 41. Rh2 exf4
42. Rxh5+ Rh7 43. Rxh7+ Kxh7 44. Qe2 Qxg5+ 45. Kf1 Qh5 46. Nf2 Re8 47. Qd3+ Kg8
48. Ne4 Kf7 49. Qc3 Qh3+ 0-1

[Event "FIDE Women's Grand Swiss"]
[Site "Samarkand UZB"]
[Date "2025.09.09"]
[Round "6.9"]
[White "Shukhman, Anna"]
[Black "Bulmaga, Irina"]
[Result "0-1"]
[WhiteTitle "WGM"]
[BlackTitle "IM"]
[WhiteElo "2420"]
[BlackElo "2400"]
[WhiteFideId "54180058"]
[BlackFideId "13903063"]
[EventDate "2025.09.04"]

1. d4 Nf6 2. Nc3 d5 3. Bf4 e6 4. Nb5 Bb4+ 5. c3 Ba5 6. a4 a6 7. Na3 Bb6 8. e3
O-O 9. Bd3 c5 10. Nf3 Nc6 11. Bg5 h6 12. Bh4 Bc7 13. dxc5 e5 14. Bc2 g5 15. Bg3
Qe7 16. b4 Bg4 17. h3 Bh5 18. h4 e4 19. hxg5 hxg5 20. Rxh5 Nxh5 21. Bxc7 Qxc7
22. Qxd5 exf3 23. Qxg5+ Ng7 24. O-O-O Qe5 25. Qxe5 Nxe5 26. Be4 Rad8 27. Rd4
fxg2 28. Bxg2 Nc6 29. Nc4 Nxd4 30. cxd4 Rd7 31. d5 Rfd8 32. e4 f5 33. d6 fxe4
34. Bxe4 Ne8 35. Kc2 Nf6 36. Bf3 Kf7 37. Na5 Ke6 38. Bxb7 Rxb7 39. Nxb7 Rc8 40.
b5 axb5 41. axb5 Ne4 42. c6 Nxd6 43. Nc5+ Ke7 44. Kc3 Nxb5+ 45. Kc4 Na7 46. Kd4 0-1

[Event "FIDE Women's Grand Swiss"]
[Site "Samarkand UZB"]
[Date "2025.09.09"]
[Round "6.10"]
[White "Salimova, Nurgyul"]
[Black "Muzychuk, Anna"]
[Result "1/2-1/2"]
[WhiteTitle "IM"]
[BlackTitle "GM"]
[WhiteElo "2386"]
[BlackElo "2535"]
[WhiteFideId "2915138"]
[BlackFideId "14111330"]
[EventDate "2025.09.04"]

1. d4 Nf6 2. c4 g6 3. Nc3 d5 4. cxd5 Nxd5 5. e4 Nxc3 6. bxc3 Bg7 7. Be3 c5 8.
Nf3 Qa5 9. Qd2 O-O 10. Rc1 Bg4 11. d5 b5 12. Bxc5 Rc8 13. Bb4 Qc7 14. Nd4 a5 15.
Ba3 b4 16. cxb4 Qe5 17. Rxc8+ Bxc8 18. Qc2 Qxd4 19. Qxc8+ Bf8 20. Qc4 Qa1+ 21.
Qc1 Qd4 22. Qc4 Qa1+ 23. Qc1 Qd4 24. Qc4 Qa1+ 25. Qc1 Qd4 1/2-1/2

[Event "FIDE Women's Grand Swiss"]
[Site "Samarkand UZB"]
[Date "2025.09.09"]
[Round "6.11"]
[White "Garifullina, Leya"]
[Black "Balabayeva, Xeniya"]
[Result "1-0"]
[WhiteTitle "IM"]
[BlackTitle "WGM"]
[WhiteElo "2477"]
[BlackElo "2383"]
[WhiteFideId "34127035"]
[BlackFideId "13719688"]
[EventDate "2025.09.04"]

1. e4 e5 2. Nf3 Nc6 3. Bb5 Nf6 4. d3 d6 5. c3 Be7 6. O-O O-O 7. h3 a6 8. Ba4 Re8
9. Re1 b5 10. Bc2 Bb7 11. Nbd2 Bf8 12. a4 Nb8 13. b4 d5 14. Bb2 dxe4 15. dxe4 c5
16. bxc5 Nbd7 17. axb5 axb5 18. c4 bxc4 19. Ba4 Bxc5 20. Nxc4 Re7 21. Bc2 Bb4
22. Re3 Bc5 23. Re2 Ba6 24. Bd3 Bxc4 25. Bxc4 Rc8 26. Rc1 Qb6 27. Qa4 h6 28. Nh4
Ree8 29. Nf5 Ra8 30. Qd1 Red8 31. Qd3 Nh5 32. Qf3 Qg6 33. Nh4 Qg5 34. Bxf7+ Kh7
35. Qxh5 1-0

[Event "FIDE Women's Grand Swiss"]
[Site "Samarkand UZB"]
[Date "2025.09.09"]
[Round "6.12"]
[White "Zhai, Mo"]
[Black "Kosteniuk, Alexandra"]
[Result "0-1"]
[WhiteTitle "WGM"]
[BlackTitle "GM"]
[WhiteElo "2380"]
[BlackElo "2472"]
[WhiteFideId "8600201"]
[BlackFideId "4128125"]
[EventDate "2025.09.04"]

1. d4 Nf6 2. Bg5 d5 3. e3 c6 4. c3 Bf5 5. Nd2 Nbd7 6. Ngf3 h6 7. Bh4 g5 8. Bg3
Rg8 9. Ne5 h5 10. h4 gxh4 11. Bxh4 Nxe5 12. dxe5 Ng4 13. Nf3 Be4 14. Be2 Bh6 15.
Qb3 Qb6 16. Nd2 Nxe5 17. Nxe4 dxe4 18. Bg3 Nd7 19. Rh3 Nf6 20. O-O-O Bxe3+ 21.
Kb1 Qxb3 22. axb3 Bb6 23. Bxh5 Nxh5 24. Rxh5 Rd8 25. Rdh1 Rd2 26. Rh8 Rxh8 27.
Rxh8+ Kd7 28. Rb8 Bxf2 29. Rxb7+ Ke6 30. Bf4 e3 31. Kc1 Rd5 32. Rb4 f5 33. g4 e2
34. gxf5+ Kxf5 35. Bd2 Rxd2 0-1

[Event "FIDE Women's Grand Swiss"]
[Site "Samarkand UZB"]
[Date "2025.09.09"]
[Round "6.13"]
[White "Dronavalli, Harika"]
[Black "Tokhirjonova, Gulrukhbegim"]
[Result "1-0"]
[WhiteTitle "GM"]
[BlackTitle "IM"]
[WhiteElo "2467"]
[BlackElo "2372"]
[WhiteFideId "5015197"]
[BlackFideId "14203626"]
[EventDate "2025.09.04"]

1. d4 g6 2. e4 d6 3. Nf3 Bg7 4. Bc4 Nf6 5. Qe2 O-O 6. O-O c6 7. e5 dxe5 8. dxe5
Nd5 9. h3 b5 10. Bb3 a5 11. Rd1 e6 12. a4 b4 13. Nbd2 Nd7 14. Nc4 Ba6 15. Re1
Qc7 16. Qe4 Bxc4 17. Bxc4 Rae8 18. Bd2 f6 19. exf6 N7xf6 20. Qe5 Qd7 21. Qe2 Nh5
22. Ne5 Qc7 23. Nd3 e5 24. Nc5 e4 25. Nxe4 Bd4 26. Qf1 Rxe4 27. Rxe4 Ng3 28.
Rxd4 Nxf1 29. Rxf1 Kg7 30. Re4 Qd6 31. Bc1 Rf7 32. Rfe1 Qf6 33. R1e2 Rd7 34. h4
Nc3 35. bxc3 Rd1+ 36. Re1 Rxe1+ 37. Rxe1 Qxc3 38. Re7+ Kf8 39. Re4 Kg7 40. Bb3
c5 41. Be3 h6 42. g3 Qe1+ 43. Kh2 Qd1 44. Bxc5 g5 45. Be3 Kg6 46. Re6+ Kg7 47.
hxg5 hxg5 48. Bxg5 Qh5+ 49. Bh4 Qf3 50. Rf6 Qe2 51. Rf4 Qf1 52. Bf6+ Kg6 53. Bd4
Qd1 54. Be3 Qf1 55. Rg4+ Kf6 56. Rg5 Qa6 57. Rb5 Qa8 58. Kg1 Kg6 59. Bd5 Qd8 60.
Be4+ Kg7 61. Kg2 Kf7 62. Bd5+ Kg7 63. Bd4+ Kh7 64. Bb6 Qe8 65. Bxa5 Qe2 66. Rxb4
Kh6 67. Rh4+ Kg6 68. Be4+ Kf7 69. Rf4+ Ke6 70. Bc3 Kd6 71. a5 Kc5 72. a6 Qxa6
73. Rf5+ Kc4 74. Bd3+ 1-0

[Event "FIDE Women's Grand Swiss"]
[Site "Samarkand UZB"]
[Date "2025.09.09"]
[Round "6.14"]
[White "Kaliakhmet, Elnaz"]
[Black "Yip, Carissa"]
[Result "0-1"]
[WhiteTitle "WIM"]
[BlackTitle "IM"]
[WhiteElo "2299"]
[BlackElo "2458"]
[WhiteFideId "13730169"]
[BlackFideId "2090732"]
[EventDate "2025.09.04"]

1. d4 Nf6 2. c4 g6 3. g3 Bg7 4. Bg2 O-O 5. Nc3 d6 6. Nf3 Bf5 7. Nh4 Bc8 8. Nf3
a5 9. O-O Bf5 10. Nh4 Bc8 11. e4 e5 12. Nf3 Nc6 13. d5 Nb8 14. h3 Na6 15. Be3 b6
16. Ne1 Qe8 17. Nd3 Nh5 18. Nb5 f5 19. exf5 gxf5 20. Bf3 Nf6 21. Bg2 Qg6 22. Kh2
f4 23. gxf4 Bf5 24. Ne1 exf4 25. Bd4 Qh6 26. Nf3 Ng4+ 27. Kg1 Ne5 28. Kh2 Ng4+
29. Kg1 Ne5 30. Kh2 Bg4 31. Bxe5 dxe5 32. Qc1 Qh5 33. Ng5 f3 34. Bh1 e4 35. Nxe4
Qxh3+ 36. Kg1 Rf5 37. Ng3 Be5 38. Qe1 Rh5 0-1

[Event "FIDE Women's Grand Swiss"]
[Site "Samarkand UZB"]
[Date "2025.09.09"]
[Round "6.15"]
[White "Gaal, Zsoka"]
[Black "Javakhishvili, Lela"]
[Result "1/2-1/2"]
[WhiteTitle "WGM"]
[BlackTitle "IM"]
[WhiteElo "2388"]
[BlackElo "2434"]
[WhiteFideId "777765"]
[BlackFideId "13601458"]
[EventDate "2025.09.04"]

1. d4 Nf6 2. c4 e6 3. Nc3 d5 4. cxd5 exd5 5. Bg5 c6 6. e3 Be7 7. Bd3 O-O 8. Nge2
Re8 9. O-O Nbd7 10. a4 a5 11. f3 Nf8 12. Bh4 Ng6 13. Bf2 Bb4 14. Kh1 Bd7 15. Rc1
Rc8 16. Bb1 b6 17. e4 dxe4 18. fxe4 c5 19. Ba2 Bg4 20. Qb3 Be6 21. d5 Bg4 22.
Ng3 h5 23. h3 h4 24. Nf5 Bxc3 25. Rxc3 Be2 26. Re1 Rxe4 27. d6 c4 28. Qxb6 Bd3
29. Ne7+ Nxe7 30. Qxd8+ Rxd8 31. dxe7 Re8 32. Rec1 Re2 33. Bxh4 Rxb2 34. Bxc4
Bxc4 35. Rxc4 Rxe7 36. Bxf6 gxf6 37. Rg4+ Kf8 38. Rc8+ Re8 39. Rg8+ Kxg8 40.
Rxe8+ Kg7 41. Ra8 Ra2 42. Rxa5 f5 43. Ra8 f4 44. Kg1 Kg6 45. Ra5 f5 46. Ra8 f3
47. g3 f4 48. g4 Kg5 49. Rh8 f2+ 50. Kf1 Ra1+ 51. Kxf2 Ra2+ 52. Kf3 Ra3+ 53. Ke2
Ra2+ 54. Kd3 Ra3+ 55. Kd2 Ra2+ 56. Kc3 f3 57. Kb3 Rh2 58. a5 f2 59. Rf8 Rxh3+
60. Kb4 Rh2 61. a6 Rh6 62. a7 Ra6 63. Rxf2 1/2-1/2

[Event "FIDE Women's Grand Swiss"]
[Site "Samarkand UZB"]
[Date "2025.09.09"]
[Round "6.16"]
[White "Ushenina, Anna"]
[Black "Kamalidenova, Meruert"]
[Result "1/2-1/2"]
[WhiteTitle "GM"]
[BlackTitle "IM"]
[WhiteElo "2409"]
[BlackElo "2349"]
[WhiteFideId "14110911"]
[BlackFideId "13712802"]
[EventDate "2025.09.04"]

1. d4 Nf6 2. c4 g6 3. Nc3 Bg7 4. e4 d6 5. Nf3 O-O 6. Be2 e5 7. O-O h6 8. Kh1 Nc6
9. d5 Ne7 10. Ng1 Nh7 11. a4 a5 12. Ra3 f5 13. exf5 Nxf5 14. Nf3 b6 15. Ne4 Bd7
16. Bd3 Qe7 17. Bd2 Rf7 18. b4 axb4 19. Bxb4 Nf6 20. a5 bxa5 21. Rxa5 Rxa5 22.
Bxa5 c5 23. Qb1 Bf8 24. Qb8 Nxe4 25. Bxe4 g5 26. Nd2 Kg7 27. Bd3 Qe8 28. Qb2 Nd4
29. Bc3 Qc8 30. Ne4 Bf5 31. Rb1 1/2-1/2

[Event "FIDE Women's Grand Swiss"]
[Site "Samarkand UZB"]
[Date "2025.09.09"]
[Round "6.17"]
[White "Badelka, Olga"]
[Black "Danielian, Elina"]
[Result "1/2-1/2"]
[WhiteTitle "IM"]
[BlackTitle "GM"]
[WhiteElo "2375"]
[BlackElo "2405"]
[WhiteFideId "13509926"]
[BlackFideId "13300210"]
[EventDate "2025.09.04"]

1. d4 Nf6 2. c4 e6 3. Nc3 Bb4 4. g3 O-O 5. Bg2 d5 6. Nf3 dxc4 7. O-O Nc6 8. Re1
Rb8 9. e4 h6 10. a3 Ba5 11. e5 Nd5 12. Bd2 Bxc3 13. bxc3 b5 14. Nh4 f5 15. exf6
Qxf6 16. Qe2 Na5 17. Rad1 Nb3 18. f4 c5 19. f5 Nxd2 20. Qxd2 cxd4 21. cxd4 b4
22. axb4 Nxb4 23. Qc3 exf5 24. Qxc4+ Kh7 25. d5 Ba6 26. Qb3 Nd3 27. Rxd3 Rxb3
28. Rxb3 Bc4 29. Rbe3 f4 30. Re5 Bd3 31. Kh1 fxg3 32. hxg3 Qf2 33. R1e3 Bc2 34.
Kh2 Rf6 35. Re2 Qd4 36. Re6 Rf2 37. d6 Rxe2 38. Rxe2 Bb1 39. Re1 Bc2 40. Re2 Bb1
41. Re1 Bg6 42. Re6 Bc2 43. Re2 1/2-1/2

[Event "FIDE Women's Grand Swiss"]
[Site "Samarkand UZB"]
[Date "2025.09.09"]
[Round "6.18"]
[White "Kiolbasa, Oliwia"]
[Black "Krush, Irina"]
[Result "0-1"]
[WhiteTitle "IM"]
[BlackTitle "GM"]
[WhiteElo "2405"]
[BlackElo "2366"]
[WhiteFideId "1154613"]
[BlackFideId "2012782"]
[EventDate "2025.09.04"]

1. e4 c5 2. Nf3 a6 3. g3 Nc6 4. d4 cxd4 5. Nxd4 g6 6. Bg2 Bg7 7. Be3 Nf6 8. Nc3
O-O 9. O-O d6 10. h3 Bd7 11. Nb3 b5 12. f4 Rb8 13. a4 b4 14. Ne2 a5 15. g4 Qc7
16. Ng3 Bc8 17. Nd4 Nxd4 18. Bxd4 Nd7 19. Bxg7 Kxg7 20. Rf2 Bb7 21. h4 Rbc8 22.
h5 f6 23. Qe2 Qc4 24. Qd2 Rc7 25. Bf1 Qc5 26. Kh2 Rfc8 27. Bd3 Qd4 28. Rg2 Qxb2
29. Rag1 b3 30. cxb3 Qxd2 31. Rxd2 Nc5 32. Rb1 Bc6 33. Bc2 Ne6 34. b4 axb4 35.
f5 Ng5 36. Rf2 Ba8 37. Bd3 Rc3 38. Ba6 Rb8 39. Re2 gxh5 40. gxh5 b3 41. Bb5 Rbc8
42. Rbb2 Rf3 43. a5 Rc5 44. Ba4 Rxa5 45. Bd7 Rc5 46. Be6 Rcc3 47. Rg2 Kh6 48.
Rbe2 Rfe3 49. Rxe3 Rxe3 50. Rb2 Nxe4 0-1

[Event "FIDE Women's Grand Swiss"]
[Site "Samarkand UZB"]
[Date "2025.09.09"]
[Round "6.19"]
[White "Narva, Mai"]
[Black "Omonova, Umida"]
[Result "1-0"]
[WhiteTitle "IM"]
[BlackTitle "WIM"]
[WhiteElo "2386"]
[BlackElo "2252"]
[WhiteFideId "4500512"]
[BlackFideId "14210363"]
[EventDate "2025.09.04"]

1. e4 e5 2. Nf3 Nc6 3. Bb5 a6 4. Ba4 Nf6 5. Nc3 Be7 6. O-O d6 7. Bxc6+ bxc6 8.
d4 exd4 9. Nxd4 Bd7 10. Qf3 O-O 11. Bg5 h6 12. Bh4 Rb8 13. b3 Rb4 14. Qd3 c5 15.
Nf3 c4 16. bxc4 Be6 17. Nd2 c6 18. a3 Rb8 19. f4 Bc8 20. Nb3 a5 21. Kh1 Ba6 22.
Nd4 Rc8 23. Nf5 Kh8 24. e5 dxe5 25. fxe5 1-0

[Event "FIDE Women's Grand Swiss"]
[Site "Samarkand UZB"]
[Date "2025.09.09"]
[Round "6.20"]
[White "Ouellet, Maili-Jade"]
[Black "Shuvalova, Polina"]
[Result "0-1"]
[WhiteTitle "WGM"]
[BlackTitle "IM"]
[WhiteElo "2348"]
[BlackElo "2492"]
[WhiteFideId "2620472"]
[BlackFideId "24171760"]
[EventDate "2025.09.04"]

1. d4 Nf6 2. c4 e6 3. Nc3 Bb4 4. e3 O-O 5. Bd3 d5 6. a3 dxc4 7. Bxc4 Bd6 8. Nf3
Nc6 9. Bb5 a6 10. Bxc6 bxc6 11. e4 Be7 12. O-O c5 13. d5 h6 14. Re1 Bb7 15. dxe6
Qxd1 16. Rxd1 fxe6 17. Re1 Nd7 18. Be3 Rab8 19. Red1 Bc6 20. Rd2 Rb7 21. Rc1 a5
22. Nd1 Bd6 23. e5 Be7 24. Ne1 Bd5 25. Nd3 c4 26. Nf4 c6 27. Ng6 Rf7 28. Nxe7+
Rxe7 29. Bd4 Rb5 30. Ne3 c5 31. Bc3 Nb6 32. f4 Be4 33. a4 Rb3 34. Bxa5 Nxa4 35.
Nxc4 Bd3 36. Nd6 Ra7 37. Bc3 Nxc3 38. Rxc3 Rxc3 39. bxc3 c4 40. Rb2 Ra3 41. Rb8+
Kh7 42. f5 exf5 43. e6 Ra1+ 44. Kf2 Rf1+ 45. Kg3 Re1 46. Rc8 g5 47. h3 f4+ 48.
Kh2 Rxe6 49. Nxc4 Re2 50. Rc7+ Kg8 51. Rc8+ Kg7 52. Rc7+ Kf6 53. Rc6+ Ke7 54.
Kg1 Rxg2+ 55. Kxg2 Be4+ 56. Kf2 Bxc6 57. Ne5 Be4 58. Nc4 Ke6 59. Nd2 Bd5 60. c4
Bc6 61. Nb3 Ke5 62. Na5 Bd7 63. h4 g4 64. Nb3 Be6 65. Nc5 Bxc4 66. Nd7+ Kf5 67.
Nb6 Be6 68. Na4 Bd5 69. Nb6 g3+ 70. Kg1 Be6 71. Na4 Kg4 72. Nc5 Bf5 0-1

[Event "FIDE Women's Grand Swiss"]
[Site "Samarkand UZB"]
[Date "2025.09.09"]
[Round "6.21"]
[White "Maltsevskaya, Aleksandra"]
[Black "Osmak, Yuliia"]
[Result "1-0"]
[WhiteTitle "IM"]
[BlackTitle "IM"]
[WhiteElo "2379"]
[BlackElo "2478"]
[WhiteFideId "24174041"]
[BlackFideId "14101602"]
[EventDate "2025.09.04"]

1. Nf3 d5 2. c4 e6 3. g3 Nf6 4. Bg2 d4 5. O-O c5 6. e3 Nc6 7. d3 Be7 8. a3 a5 9.
exd4 cxd4 10. Bg5 O-O 11. Nbd2 e5 12. Re1 h6 13. Bxf6 Bxf6 14. c5 Bg4 15. Nc4
Qc7 16. Qa4 Bd7 17. Nb6 Ra6 18. Nd2 Bf5 19. Nd5 Qd8 20. Qb5 Bg5 21. Ne4 Bxe4 22.
Bxe4 Ra7 23. Nb6 Qc7 24. h4 Be7 25. b4 Kh8 26. Nd5 Qc8 27. Qc4 axb4 28. axb4
Rxa1 29. Rxa1 Bd8 30. b5 f5 31. Nb6 Bxb6 32. Bxc6 Bxc5 33. Qxc5 bxc6 34. b6 Re8
35. Ra7 f4 36. b7 Qh3 37. Qxe5 1-0

[Event "FIDE Women's Grand Swiss"]
[Site "Samarkand UZB"]
[Date "2025.09.09"]
[Round "6.22"]
[White "Roebers, Eline"]
[Black "Lu, Miaoyi"]
[Result "0-1"]
[WhiteTitle "IM"]
[BlackTitle "IM"]
[WhiteElo "2377"]
[BlackElo "2449"]
[WhiteFideId "1058401"]
[BlackFideId "8618020"]
[EventDate "2025.09.04"]

1. e4 c5 2. Nf3 Nc6 3. Nc3 g6 4. h4 Nf6 5. Bc4 Bg7 6. d3 d6 7. Ng5 e6 8. a3 O-O
9. h5 h6 10. Nf3 d5 11. Ba2 dxe4 12. Nxe4 Nxe4 13. dxe4 Qxd1+ 14. Kxd1 g5 15. c3
b6 16. Kc2 Rd8 17. Be3 Ba6 18. Rad1 g4 19. Rxd8+ Rxd8 20. Nd2 Ne5 21. Bf4 Kf8
22. f3 Bd3+ 23. Kc1 gxf3 24. Nxf3 Nxf3 25. gxf3 Be2 26. Bc7 Rd7 27. Bb8 Bf6 28.
Bf4 Bg7 29. Bb8 Bf6 30. Bf4 Bxf3 31. Rf1 Bxh5 32. Bxe6 fxe6 33. Be5 Rd1+ 34.
Rxd1 Bxe5 35. Rd7 Bf3 0-1